Mahabharata : (Record no. 123841)

MARC details
000 -LEADER
fixed length control field 00758nam a22002297a 4500
005 - DATE AND TIME OF LATEST TRANSACTION
control field 20170124105931.0
010 ## - LIBRARY OF CONGRESS CONTROL NUMBER
LC control number A-414724
020 ## - INTERNATIONAL STANDARD BOOK NUMBER
Terms of availability 00.00
International Standard Book Number 8170620954
035 ## - SYSTEM CONTROL NUMBER
System control number A-414724
037 ## - SOURCE OF ACQUISITION
Source of stock number/acquisition Cen Lib/Ret
040 ## - CATALOGING SOURCE
Original cataloging agency DPL
Language of cataloging EN
082 ## - DEWEY DECIMAL CLASSIFICATION NUMBER
Classification number 230.1
Item number BAK
100 ## - MAIN ENTRY--PERSONAL NAME
Personal name Bakshi, G.D.
9 (RLIN) 86455
245 ## - TITLE STATEMENT
Title Mahabharata :
Statement of responsibility, etc by G.D. Bakshi
Remainder of title a military analysis /
260 ## - PUBLICATION, DISTRIBUTION, ETC. (IMPRINT)
Place of publication, distribution, etc Delhi
Name of publisher, distributor, etc Lancer International
Date of publication, distribution, etc 1990
270 ## - ADDRESS
Address B-3 Gulmohar Park
City New Delhi
Postal code 110049
300 ## - PHYSICAL DESCRIPTION
Extent xxvi;97p.
Dimensions 20cm
Other physical details ill.
500 ## - GENERAL NOTE
General note Includes bibliographical references and index.
650 ## - SUBJECT ADDED ENTRY--TOPICAL TERM
Topical term or geographic name as entry element Mahābhārata -- Criticism, interpretation, etc.
9 (RLIN) 86456
650 ## - SUBJECT ADDED ENTRY--TOPICAL TERM
Topical term or geographic name as entry element Military art and science in the Mahābhārata.
9 (RLIN) 86457
942 ## - ADDED ENTRY ELEMENTS (KOHA)
Source of classification or shelving scheme Dewey Decimal Classification
Koha item type English Books
Classification part 230.1
Call number suffix BAK
Holdings
Withdrawn status Lost status Damaged status Not for loan Home library Current library Date acquired Source of acquisition Cost, normal purchase price Total Checkouts Full call number Barcode Date last seen Copy number Cost, replacement price Price effective from Koha item type Public note
Written off       Central Library Central Library 12/06/2015 Cen Lib/Ret 0.00   230.1 BAK A-414724 12/06/2015 1 0.00 15/09/2016 English Books Written off on approval by DLB (By Circulation); dtd 15-06-2023

© Delhi Public Library
Hit Counter
free hit counter